000
00507nam a2200145Ia 4500
008
100122s9999 xx 000 0 und d
082
_b
7821
_a
928
100
_a
शिर्ले ग्रॅहल
245
_a
जॉर्ज वॉशिंग्टन कार्व्हर
260
_c
1948
300
_a
150
630
_a
जॉर्ज वॉशिंग्टन कार्व्हर
730
_a
जॉर्ज वॉशिंग्टन कार्व्हर
942
_c
BOOK
999
_c
400391
_d
400388